000 01334cam a2200349 a 4500
001 2158104
003 OSt
005 20140407103849.0
008 990518s2000 nyua b 000 1 eng
010 _a 99032049
020 _a0670887641
040 _aDLC
_cDLC
_dDLC
050 0 0 _aPZ 7
_b.K65Hhm 2001
100 1 _aKline, Suzy.
_922979
245 1 0 _aHorrible Harry goes to the moon /
_cby Suzy Kline ; pictures by Frank Remkiewicz.
260 _aNew York :
_bViking,
_c2000.
300 _a51, [2] p. :
_bill. ;
_c22 cm.
520 _aInspired by his third-grade class's study of the moon, Harry announces that he is going there.
521 _aG2
526 _c340
562 _eFor circulation. 2 copies in the collection
650 1 _aSchools
_vFiction.
_923021
651 1 _aMoon
_vFiction.
_923022
700 1 _aRemkiewicz, Frank.
_923023
856 4 2 _3Contributor biographical information
_uhttp://www.loc.gov/catdir/enhancements/fy1207/99032049-b.html
856 4 2 _3Publisher description
_uhttp://www.loc.gov/catdir/enhancements/fy1207/99032049-d.html
906 _a7
_bcbc
_corignew
_d1
_eocip
_f19
_gy-gencatlg
942 _2lcc
_cBK
999 _c42504
_d42504